[Event "Tata Steel Chess India 2024 - Rapid"]
[Site "Kolkata"]
[Date "13.11.2024"]
[Round "1R"]
[White "Carlsen, Magnus"]
[Black "Praggnanandhaa, Rameshbabu"]
[Result "1/2-1/2"]
[WhiteTitle "GM"]
[BlackTitle "GM"]
[WhiteElo "2831"]
[BlackElo "2737"]
[WhiteFideId "1503014"]
[BlackFideId "25059530"]
[EventDate "2024.11.13"]

1. c4 Nf6 2. Nf3 e6 3. g3 d5 4. Bg2 d4 5. d3 Bb4+ 6. Bd2 a5 7. O-O Nc6 8. Bxb4
axb4 9. a3 O-O 10. Nbd2 bxa3 11. Qb3 Ra6 12. Rxa3 Rb6 13. Qc2 Qe7 14. Rfa1 e5
15. Ra8 h6 16. Ne1 g6 17. b3 Bg4 18. h3 Be6 19. Qc1 Kg7 20. Nc2 Nd7 21. Rxf8
Qxf8 22. f4 Nb4 23. Nxb4 Qxb4 24. Nf3 Nc5 25. Qa3 Qxa3 26. Rxa3 exf4 27. gxf4
Nxb3 28. Kf2 Kf6 29. h4 c6 30. Ra8 Ra6 31. Rb8 Ra2 32. Ke1 Ra7 33. Kf2 Ra2 34.
Bf1 Ra7 35. Bg2 Ra2 1/2-1/2

[Event "Tata Steel Chess India 2024 - Rapid"]
[Site "Kolkata"]
[Date "13.11.2024"]
[Round "1R"]
[White "So, Wesley"]
[Black "Vidit, Santosh Gujrathi"]
[Result "1-0"]
[WhiteTitle "GM"]
[BlackTitle "GM"]
[WhiteElo "2747"]
[BlackElo "2739"]
[WhiteFideId "5202213"]
[BlackFideId "5029465"]
[EventDate "2024.11.13"]

1. e4 e5 2. Nf3 Nc6 3. Bc4 Bc5 4. O-O Nf6 5. d3 d6 6. c3 O-O 7. Re1 Bb6 8. h3 h6
9. Nbd2 Ne7 10. a4 a5 11. Ba2 c6 12. d4 Ng6 13. Qc2 Re8 14. Nf1 Be6 15. Bxe6
Rxe6 16. Ng3 Qc7 17. Be3 Rae8 18. Rad1 d5 19. dxe5 Nxe4 20. Bxb6 Qxb6 21. Nxe4
dxe4 22. Rxe4 Qc7 23. Rde1 Nxe5 24. Nd4 R6e7 25. Nf5 Re6 26. Qd1 Qd7 27. Nd4
R6e7 28. Nb3 Qc7 29. R1e3 b6 30. Nd4 Ng6 31. Qf3 Rxe4 32. Rxe4 Rxe4 33. Qxe4 Ne7
34. b4 Qd6 35. bxa5 bxa5 36. g3 g6 37. Kg2 Nd5 38. c4 Nf6 39. Qe3 Qc5 40. Qd3
Qd6 41. Qc3 Ne4 42. Qe3 f5 43. Nb3 Qb4 44. Qd3 Qxa4 45. Qd8+ Kf7 46. Qc7+ Kf8
47. Nxa5 Qc2 48. Qb8+ Kf7 49. Qa7+ Ke6 50. Nxc6 Qxc4 51. Qe7+ Kd5 52. Qd7+ Kc5
53. Ne5 Qe2 54. Qc6+ Kb4 55. Qb6+ Kc3 56. Nxg6 Nd2 57. Qa5+ Kc2 58. Qxf5+ Kd1
59. Ne5 h5 60. h4 Qf1+ 61. Kh2 Qe2 62. Nd3 Nf1+ 63. Kg1 Nd2 64. Kh2 Nf1+ 65. Kh3
Nd2 66. Qd5 Qf1+ 67. Kh2 Qe2 68. Kg1 Qf1+ 69. Kh2 Qe2 70. Nf4 Qxf2+ 71. Kh3 Qf1+
72. Qg2 Qb5 73. Qh1+ Kc2 74. Qd5 Qf1+ 75. Qg2 Qb5 76. Qe2 Qxe2 77. Nxe2 Ne4 78.
Nf4 Nf6 79. Nxh5 Nxh5 80. g4 Nf4+ 81. Kg3 Ne6 82. h5 Kd3 83. h6 Nf8 84. Kf4 Kd4
85. g5 Kd5 86. Kf5 Kd6 87. g6 Ke7 88. h7 1-0

[Event "Tata Steel Chess India 2024 - Rapid"]
[Site "Kolkata"]
[Date "13.11.2024"]
[Round "2R"]
[White "Nihal, Sarin"]
[Black "Carlsen, Magnus"]
[Result "1/2-1/2"]
[WhiteTitle "GM"]
[BlackTitle "GM"]
[WhiteElo "2676"]
[BlackElo "2831"]
[WhiteFideId "25092340"]
[BlackFideId "1503014"]
[EventDate "2024.11.13"]

1. d4 Nf6 2. Nf3 e6 3. c4 d5 4. Nc3 dxc4 5. e4 Bb4 6. Bxc4 Nxe4 7. O-O Nf6 8.
Qa4+ Nc6 9. Ne5 Rb8 10. Nxc6 bxc6 11. Qxa7 Bd7 12. Qa4 c5 13. Qd1 cxd4 14. Qxd4
Bc6 15. Be3 Bd6 16. b3 O-O 17. Rad1 Nd7 18. h3 Ne5 19. Be2 Qf6 20. f4 Rb4 21.
Qd2 Ng6 22. Bf3 Bxf3 23. Rxf3 Nh4 24. Rff1 Nf5 25. Ne2 h5 26. Bf2 h4 27. Rc1 Ra8
28. Rc2 Ra5 29. Qd3 Rd5 30. Qf3 Qd8 31. Rfc1 Rb8 32. Nc3 Nd4 33. Qg4 Nxc2 34.
Nxd5 exd5 35. Rxc2 Rb4 36. Bxh4 Qe8 37. Re2 Re4 38. Bf6 Bf8 39. Rxe4 Qxe4 40.
Be5 d4 41. Qf3 Qb1+ 42. Qf1 Qxa2 43. Bxd4 c5 44. Bc3 Qxb3 45. Qd3 Be7 46. Qf3 c4
47. Qe3 Bf8 48. Qd4 Qb5 49. Kh2 f6 50. Qe4 Kf7 51. Qe2 Qd5 52. Kg3 Bd6 53. Qf3
Qf5 54. Qg4 Qd3+ 55. Qf3 g5 56. Kf2 Bxf4 57. Qxd3 cxd3 58. g3 Be5 59. Bd2 Kg6
60. Kf3 f5 61. Ke3 f4+ 62. Kxd3 fxg3 63. Ke2 1/2-1/2

[Event "Tata Steel Chess India 2024 - Rapid"]
[Site "Kolkata"]
[Date "13.11.2024"]
[Round "2R"]
[White "Narayanan, S.L."]
[Black "So, Wesley"]
[Result "1/2-1/2"]
[WhiteTitle "GM"]
[BlackTitle "GM"]
[WhiteElo "2647"]
[BlackElo "2747"]
[WhiteFideId "5058422"]
[BlackFideId "5202213"]
[EventDate "2024.11.13"]

1. d4 Nf6 2. c4 e6 3. Nf3 d5 4. Nc3 Be7 5. Bf4 O-O 6. e3 Nbd7 7. a3 c6 8. h3
dxc4 9. Bxc4 b5 10. Be2 Bb7 11. O-O a5 12. Ne5 b4 13. Na4 c5 14. Nxd7 Nxd7 15.
Bb5 bxa3 16. bxa3 cxd4 17. Qxd4 e5 18. Qxd7 Qxd7 19. Bxd7 exf4 20. exf4 Rfd8 21.
Rfd1 Ra6 22. Bb5 Rad6 23. Rxd6 Bxd6 24. Rd1 Be7 25. Rxd8+ Bxd8 26. Nc5 Bd5 27.
a4 Kf8 28. Kf1 Ke7 29. g3 Kd6 30. Nd3 Bb6 31. Ke2 Bd4 32. h4 f6 33. Ne1 f5 34.
Bd3 g6 35. h5 Bc6 36. hxg6 hxg6 37. Bc2 Bd5 38. Nd3 Bc4 39. Kd2 Bxd3 40. Bxd3
Bxf2 41. g4 fxg4 42. Bxg6 Ke6 43. Ke2 Bc5 1/2-1/2

[Event "Tata Steel Chess India 2024 - Rapid"]
[Site "Kolkata"]
[Date "13.11.2024"]
[Round "3R"]
[White "Abdusattorov, Nodirbek"]
[Black "Praggnanandhaa, Rameshbabu"]
[Result "1-0"]
[WhiteTitle "GM"]
[BlackTitle "GM"]
[WhiteElo "2777"]
[BlackElo "2737"]
[WhiteFideId "14204118"]
[BlackFideId "25059530"]
[EventDate "2024.11.13"]

1. c4 Nf6 2. Nc3 e5 3. Nf3 Nc6 4. g3 d5 5. cxd5 Nxd5 6. Bg2 Bc5 7. O-O O-O 8. d3
h6 9. Nxd5 Qxd5 10. a3 a5 11. Bd2 Qe6 12. Rc1 Qe7 13. Bc3 a4 14. Nd2 Rd8 15. Qc2
Bd6 16. e3 Bf5 17. Rfd1 Qe6 18. Nc4 Bh3 19. Bxh3 Qxh3 20. d4 exd4 21. exd4 Re8
22. d5 Ne7 23. Nxd6 cxd6 24. Rd4 b5 25. Qd3 Ng6 26. Qxb5 Ne5 27. Qe2 Qf5 28. Rf4
Qd7 29. Re4 Rac8 30. Re1 Red8 31. Bxe5 dxe5 32. Rxe5 Qb7 33. Rd1 Qb3 34. d6 Qc2
35. Qxc2 Rxc2 36. d7 1-0

[Event "Tata Steel Chess India 2024 - Rapid"]
[Site "Kolkata"]
[Date "13.11.2024"]
[Round "3R"]
[White "Carlsen, Magnus"]
[Black "Vidit, Santosh Gujrathi"]
[Result "1-0"]
[WhiteTitle "GM"]
[BlackTitle "GM"]
[WhiteElo "2831"]
[BlackElo "2739"]
[WhiteFideId "1503014"]
[BlackFideId "5029465"]
[EventDate "2024.11.13"]

1. e4 e5 2. Nf3 Nc6 3. Bb5 Nf6 4. O-O Nxe4 5. Re1 Nd6 6. Nxe5 Be7 7. Bf1 Nxe5 8.
Rxe5 O-O 9. d4 Bf6 10. Re1 Re8 11. Bf4 Rxe1 12. Qxe1 Ne8 13. c3 d5 14. Nd2 Bf5
15. Qe3 Nd6 16. h3 h6 17. Re1 Bg5 18. g4 Bxf4 19. Qxf4 Bh7 20. c4 dxc4 21. Nxc4
Nxc4 22. Bxc4 Bg6 23. Re5 Kf8 24. Qe3 Qd6 25. h4 Qd7 26. Qf4 Re8 27. h5 Bh7 28.
Bb5 c6 29. Bc4 f6 30. Rxe8+ Kxe8 31. Qb8+ Ke7 32. Be2 Be4 33. Qxa7 Bd5 34. a4 f5
35. Qb8 fxg4 36. Qe5+ Kd8 37. Kh2 Bf3 38. Bxf3 gxf3 39. Kg3 Kc8 40. Kf4 Kd8 41.
Kxf3 Qf7+ 42. Kg3 Qb3+ 43. Kg2 Qxb2 44. Qxg7 Qd2 45. Qe5 Kd7 46. a5 Qd1 47. f3
Qc1 48. Qg7+ Ke8 49. Qf6 Qd2+ 50. Kh3 Kd7 51. Qg7+ Kc8 52. Qe5 Kd7 53. f4 Qd3+
54. Kg4 Qd1+ 55. Kf5 Qxh5+ 56. Kf6 Qf3 57. Qb8 c5 58. dxc5 h5 59. Qd6+ Kc8 60.
a6 bxa6 61. Qxa6+ Kc7 62. Qd6+ Kc8 63. c6 Qc3+ 64. Kg6 Qh3 65. Qd7+ Qxd7 66.
cxd7+ Kxd7 67. Kxh5 Ke7 68. Kg6 Kf8 69. Kf6 1-0

[Event "Tata Steel Chess India 2024 - Rapid"]
[Site "Kolkata"]
[Date "14.11.2024"]
[Round "4R"]
[White "Narayanan, S.L."]
[Black "Carlsen, Magnus"]
[Result "0-1"]
[WhiteTitle "GM"]
[BlackTitle "GM"]
[WhiteElo "2647"]
[BlackElo "2831"]
[WhiteFideId "5058422"]
[BlackFideId "1503014"]
[EventDate "2024.11.13"]

1. e4 e5 2. Nf3 Nc6 3. Bb5 a6 4. Ba4 Nf6 5. O-O Be7 6. Qe2 d6 7. c3 O-O 8. Rd1
Bd7 9. Bb3 Na5 10. Bc2 c5 11. d4 Qc7 12. d5 b5 13. b3 g6 14. Nbd2 Nb7 15. Nf1
Nh5 16. Bh6 Ng7 17. Ng3 f6 18. a4 Rfb8 19. axb5 axb5 20. Bd3 Qb6 21. b4 c4 22.
Bc2 Nd8 23. Nd2 Qb7 24. Be3 Rxa1 25. Rxa1 Ra8 26. Rf1 Ra3 27. f4 Nf7 28. fxe5
dxe5 29. Nb1 Ra2 30. h3 Ne8 31. Bc5 Ned6 32. Kh2 Qa8 33. Rf2 Qd8 34. Qd1 Bf8 35.
Be3 Bh6 36. Bxh6 Nxh6 37. Nd2 Kg7 38. Ndf1 Nhf7 39. Qf3 Ra3 40. Qe3 Qa8 41. Qf3
Ne8 42. Ne2 Qa7 43. Ne3 Ng5 44. Qg3 Nd6 45. Nf4 Rxc3 0-1

[Event "Tata Steel Chess India 2024 - Rapid"]
[Site "Kolkata"]
[Date "14.11.2024"]
[Round "4R"]
[White "Nihal, Sarin"]
[Black "Abdusattorov, Nodirbek"]
[Result "1/2-1/2"]
[WhiteTitle "GM"]
[BlackTitle "GM"]
[WhiteElo "2676"]
[BlackElo "2777"]
[WhiteFideId "25092340"]
[BlackFideId "14204118"]
[EventDate "2024.11.13"]

1. Nf3 d5 2. e3 c5 3. b3 Nc6 4. Bb2 a6 5. d4 Nf6 6. Be2 Bf5 7. O-O e6 8. dxc5
Bxc5 9. a3 O-O 10. Nbd2 d4 11. b4 dxe3 12. bxc5 exd2 13. Nxd2 Qe7 14. Nb3 Rad8
15. Qc1 e5 16. Re1 Nd5 17. Bf1 f6 18. g3 Qf7 19. c4 Nc7 20. Qe3 Ne6 21. Rad1
Ned4 22. Nxd4 exd4 23. Qf4 Be6 24. Bxd4 Bxc4 25. Bxc4 Qxc4 26. Be3 Qb3 27. Rb1
Qf7 28. Red1 Rxd1+ 29. Rxd1 Qb3 30. Rd6 Qxa3 31. Qc4+ Kh8 32. Kg2 a5 33. h4 Qb4
34. Qd5 a4 35. Rd7 Qb3 36. Qd6 Kg8 37. Qc7 Rf7 38. Qc8+ Rf8 39. Qc7 Rf7 40. Qc8+
Rf8 1/2-1/2

[Event "Tata Steel Chess India 2024 - Rapid"]
[Site "Kolkata"]
[Date "14.11.2024"]
[Round "5R"]
[White "Praggnanandhaa, Rameshbabu"]
[Black "Nihal, Sarin"]
[Result "1-0"]
[WhiteTitle "GM"]
[BlackTitle "GM"]
[WhiteElo "2737"]
[BlackElo "2676"]
[WhiteFideId "25059530"]
[BlackFideId "25092340"]
[EventDate "2024.11.13"]

1. c4 c6 2. Nf3 Nf6 3. Nc3 d5 4. d4 e6 5. Bg5 h6 6. Bh4 Nbd7 7. e3 Be7 8. Bd3
O-O 9. O-O a6 10. cxd5 cxd5 11. Ne5 Nxe5 12. dxe5 Nd7 13. Bg3 b6 14. Qg4 f5 15.
exf6 Nxf6 16. Qg6 Qe8 17. Qxe8 Rxe8 18. Rac1 Bd7 19. Ne2 Rec8 20. Be5 Bb5 21.
Bxb5 axb5 22. a3 Kf7 23. h3 Rc4 24. Nd4 Nd7 25. Bg3 b4 26. axb4 Bxb4 27. Ra1 Ra5
28. Nb3 Rxa1 29. Rxa1 e5 30. Ra7 Ke6 31. f4 Nc5 32. Nxc5+ Bxc5 33. fxe5 Bxe3+
34. Kf1 g5 35. Rh7 Bf4 36. Rxh6+ Kxe5 37. Be1 d4 38. Rxb6 d3 39. Bc3+ Kd5 40.
Rb5+ Ke4 41. Kf2 Be3+ 42. Ke1 Bd4 43. Kd2 Be3+ 44. Kd1 Rc6 45. Ra5 Rc8 46. Ra6
Kd5 47. Ra5+ Ke4 48. Ke1 Rc6 49. Ra8 Re6 50. Kd1 Re7 51. Ra4+ Kd5 52. Ra5+ Ke4
53. Bd2 Bd4 54. Bc3 Be3 55. Ra6 Re8 56. Ke1 Kd5 57. Ra5+ Ke4 58. Kd1 Re6 59. b3
Rc6 60. Ra4+ Kd5 61. Bd2 Bd4 62. Ra5+ Ke4 63. Rxg5 Rf6 64. Rg4+ Ke5 65. Be1 Ra6
66. Kd2 Ra3 67. Kxd3 Rxb3+ 68. Kc4 Rb2 69. Bc3 Bxc3 70. Kxc3 Ra2 71. Kd3 Kf5 72.
Ke3 Rb2 73. Kf3 Rb3+ 74. Kf2 Rb2+ 75. Kg3 Rb3+ 76. Kh2 Ra3 77. Rg3 Ra2 78. Rf3+
Kg5 79. Kg3 Kh6 80. Rb3 Rc2 81. h4 Rc1 82. Kg4 Rc4+ 83. Kh3 Rc6 84. g3 Ra6 85.
Re3 Rb6 86. Kg4 Rg6+ 87. Kh3 Rb6 88. Ra3 Rc6 89. Ra5 Rb6 90. h5 Rb1 91. Kh4 Rb6
92. g4 Kh7 93. Ra7+ Kg8 94. Ra4 Rb5 95. g5 Rb8 96. h6 Rc8 97. Kh5 Kh8 98. Ra5
Rb8 99. Rf5 Ra8 100. g6 Rb8 101. Rf8+ Rxf8 102. g7+ Kh7 103. gxf8=B 1-0

[Event "Tata Steel Chess India 2024 - Rapid"]
[Site "Kolkata"]
[Date "14.11.2024"]
[Round "5R"]
[White "Abdusattorov, Nodirbek"]
[Black "Vidit, Santosh Gujrathi"]
[Result "1/2-1/2"]
[WhiteTitle "GM"]
[BlackTitle "GM"]
[WhiteElo "2777"]
[BlackElo "2739"]
[WhiteFideId "14204118"]
[BlackFideId "5029465"]
[EventDate "2024.11.13"]

1. c4 Nf6 2. Nc3 e5 3. Nf3 Nc6 4. g3 d5 5. cxd5 Nxd5 6. Bg2 Bc5 7. O-O O-O 8. d3
Nde7 9. b3 a5 10. Bb2 f6 11. Rc1 Be6 12. d4 Bxd4 13. Nxd4 exd4 14. Nb5 Nf5 15.
Qd2 a4 16. Qf4 Rf7 17. Rfd1 axb3 18. axb3 Rd7 19. Bxc6 bxc6 20. Rxc6 Bxb3 21.
Rd3 Ne7 22. Rc1 Bf7 23. Nxd4 Ng6 24. Qf5 Qe8 25. Re3 Re7 26. Rec3 Rc8 27. Qc2
Rd7 28. Nf5 Be6 29. Re3 Qf7 30. Nd4 Bd5 31. Nf5 Ne7 32. Ba3 Nxf5 33. Qxf5 Re8
34. Rcc3 Rdd8 35. f3 c6 36. Rxe8+ Rxe8 37. Kf2 Bc4 38. Rc2 Bxe2 39. Rxe2 Rxe2+
40. Kxe2 Qa2+ 41. Kf1 Qxa3 42. Qe6+ Kf8 43. Qxc6 Qd3+ 44. Kg2 Qd2+ 45. Kg1 Qe1+
46. Kg2 Qd2+ 47. Kg1 Qe1+ 48. Kg2 1/2-1/2

[Event "Tata Steel Chess India 2024 - Rapid"]
[Site "Kolkata"]
[Date "14.11.2024"]
[Round "5R"]
[White "Carlsen, Magnus"]
[Black "So, Wesley"]
[Result "1-0"]
[WhiteTitle "GM"]
[BlackTitle "GM"]
[WhiteElo "2831"]
[BlackElo "2747"]
[WhiteFideId "1503014"]
[BlackFideId "5202213"]
[EventDate "2024.11.13"]

1. e4 e5 2. Nf3 Nf6 3. Nxe5 Nxe4 4. Qe2 Qe7 5. Qxe4 d6 6. d4 dxe5 7. dxe5 Nc6 8.
Nc3 Qxe5 9. Qxe5+ Nxe5 10. Bf4 f6 11. O-O-O Bd7 12. Nb5 O-O-O 13. Nxa7+ Kb8 14.
Nb5 Bc5 15. f3 g5 16. Bxe5 fxe5 17. Nc3 g4 18. fxg4 Be3+ 19. Kb1 Bc6 20. Rxd8+
Rxd8 21. Bd3 Bxg2 22. Re1 Bf4 23. h4 h6 24. Rg1 Bf3 25. g5 hxg5 26. hxg5 e4 27.
Bxe4 Bxe4 28. Nxe4 Be3 29. Rf1 Re8 30. g6 Bh6 31. Nc5 Rg8 32. Rg1 Kc8 33. Rg4 b6
34. Ne4 Bg7 35. c3 Kd7 36. Ng3 Rh8 37. Nf5 Bf6 38. g7 Rg8 39. Re4 1-0

[Event "Tata Steel Chess India 2024 - Rapid"]
[Site "Kolkata"]
[Date "14.11.2024"]
[Round "6R"]
[White "Narayanan, S.L."]
[Black "Abdusattorov, Nodirbek"]
[Result "0-1"]
[WhiteTitle "GM"]
[BlackTitle "GM"]
[WhiteElo "2647"]
[BlackElo "2777"]
[WhiteFideId "5058422"]
[BlackFideId "14204118"]
[EventDate "2024.11.13"]

1. d4 d5 2. c4 dxc4 3. Nf3 Nf6 4. e3 Bg4 5. Bxc4 e6 6. Nc3 Nbd7 7. h3 Bh5 8. O-O
c6 9. Be2 Be7 10. b3 O-O 11. Bb2 Nd5 12. a3 a5 13. Rc1 f5 14. Nd2 Bg6 15. Bf3
N7f6 16. Nc4 f4 17. exf4 Nxf4 18. Ne5 Bf5 19. Ne2 Nxe2+ 20. Bxe2 Nd5 21. Bd3 Bd6
22. Bxf5 Rxf5 23. Nd3 Qf6 24. Qe2 Rg5 25. Rce1 Rg6 26. Qe4 Rf8 27. Kh1 Qe7 28.
a4 Nf4 29. Nxf4 Rxf4 30. Qe3 Qg5 31. Rg1 Qd5 32. Re2 Rh4 33. Qd3 Rg3 0-1

[Event "Tata Steel Chess India 2024 - Rapid"]
[Site "Kolkata"]
[Date "14.11.2024"]
[Round "6R"]
[White "Vidit, Santosh Gujrathi"]
[Black "Praggnanandhaa, Rameshbabu"]
[Result "1/2-1/2"]
[WhiteTitle "GM"]
[BlackTitle "GM"]
[WhiteElo "2739"]
[BlackElo "2737"]
[WhiteFideId "5029465"]
[BlackFideId "25059530"]
[EventDate "2024.11.13"]

1. e4 c6 2. d4 d5 3. e5 Bf5 4. Nd2 e6 5. Nb3 Nd7 6. Nf3 Qc7 7. Be2 c5 8. dxc5
Bxc5 9. Nxc5 Qxc5 10. Nd4 Ne7 11. Bb5 Qc7 12. Bxd7+ Qxd7 13. Bg5 Nc6 14. Nxf5
exf5 15. O-O h6 16. Qh5 Qe6 17. Bd2 O-O 18. f4 d4 19. Qf3 Rfd8 20. Qd3 Rac8 21.
b3 Rd7 22. Rf2 Rdc7 23. Rd1 b6 24. h3 a5 25. Be1 Rd8 26. Re2 Rdd7 27. Qf3 b5 28.
Rd3 b4 29. Bf2 Kh7 30. Red2 Qd5 31. Qd1 Qe4 32. Re2 Qd5 33. Red2 Qe4 34. Re2 Qd5 1/2-1/2

[Event "Tata Steel Chess India 2024 - Rapid"]
[Site "Kolkata"]
[Date "15.11.2024"]
[Round "7R"]
[White "Abdusattorov, Nodirbek"]
[Black "So, Wesley"]
[Result "0-1"]
[WhiteTitle "GM"]
[BlackTitle "GM"]
[WhiteElo "2777"]
[BlackElo "2747"]
[WhiteFideId "14204118"]
[BlackFideId "5202213"]
[EventDate "2024.11.13"]

1. c4 e6 2. Nc3 d5 3. d4 c5 4. cxd5 exd5 5. Nf3 Nc6 6. g3 Nf6 7. a3 cxd4 8. Nxd4
Bc5 9. Be3 Bb6 10. Bg2 O-O 11. O-O Re8 12. Kh1 Bg4 13. Re1 Qd7 14. Nxc6 Bxe3 15.
Nb4 Bxf2 16. Rf1 d4 17. Rxf2 dxc3 18. Qxd7 Bxd7 19. bxc3 Ng4 20. Rf4 Rxe2 21.
Bxb7 Rb8 22. Bg2 g5 23. Rd4 Rbe8 24. Bf3 Rxh2+ 25. Kg1 Ne5 26. Bg2 Rh6 27. c4
Bh3 28. c5 Kg7 29. Rc1 a5 30. Nd5 Rd8 31. Rc3 Nc6 32. Rdd3 Bxg2 33. Kxg2 Re6 34.
Nb6 Re2+ 35. Kf3 Rde8 36. Rd6 R8e4 37. g4 0-1

[Event "Tata Steel Chess India 2024 - Rapid"]
[Site "Kolkata"]
[Date "15.11.2024"]
[Round "7R"]
[White "Praggnanandhaa, Rameshbabu"]
[Black "Narayanan, S.L."]
[Result "1-0"]
[WhiteTitle "GM"]
[BlackTitle "GM"]
[WhiteElo "2737"]
[BlackElo "2647"]
[WhiteFideId "25059530"]
[BlackFideId "5058422"]
[EventDate "2024.11.13"]

1. e4 c5 2. Nf3 Nc6 3. Bb5 e6 4. Bxc6 bxc6 5. b3 f6 6. O-O Nh6 7. d4 Nf7 8. Ba3
cxd4 9. Bxf8 Kxf8 10. Qxd4 e5 11. Qc3 Qb6 12. Rd1 a5 13. Qe1 d5 14. Nc3 d4 15.
Na4 Qa7 16. c3 c5 17. cxd4 cxd4 18. Rdc1 Bg4 19. Nd2 Ke7 20. Nc4 Rhb8 21. Rc2
Bd7 22. Nab2 a4 23. b4 a3 24. Nd3 Bb5 25. Rac1 Kf8 26. Nc5 Kg8 27. Na5 Qb6 28.
Rb1 Nd6 29. Rb3 Be8 30. h4 Nb5 31. Nc4 Qa7 32. f4 exf4 33. e5 fxe5 34. Nxe5 Nc3
35. Qf2 Rd8 36. Qxf4 Ba4 37. Nxa4 Rf8 38. Qg4 d3+ 39. Nc5 dxc2 40. Rxc3 Rae8 41.
Nd3 Qe7 42. Rxc2 Qe3+ 43. Kh2 Rf1 44. g3 Qg1+ 45. Kh3 Qh1+ 46. Rh2 Qd5 47. Nf4
Qc4 48. Nce6 Qc3 49. Qh5 Rc8 50. Ng5 1-0

[Event "Tata Steel Chess India 2024 - Rapid"]
[Site "Kolkata"]
[Date "15.11.2024"]
[Round "7R"]
[White "Nihal, Sarin"]
[Black "Vidit, Santosh Gujrathi"]
[Result "1-0"]
[WhiteTitle "GM"]
[BlackTitle "GM"]
[WhiteElo "2676"]
[BlackElo "2739"]
[WhiteFideId "25092340"]
[BlackFideId "5029465"]
[EventDate "2024.11.13"]

1. c4 c5 2. Nc3 Nc6 3. Nf3 Nf6 4. g3 d5 5. cxd5 Nxd5 6. Bg2 Nc7 7. O-O e5 8. d3
Be7 9. Nd2 Bd7 10. Nc4 f6 11. f4 b5 12. Ne3 O-O 13. fxe5 Nxe5 14. Bxa8 Qxa8 15.
Nf5 Re8 16. Nxe7+ Rxe7 17. Bf4 Bh3 18. Rf2 Ng4 19. Bxc7 Nxf2 20. Kxf2 Qg2+ 21.
Ke1 Rxc7 22. Qb3+ Rf7 23. Kd2 Qxh2 24. Qxb5 Qxg3 25. Qxc5 Qg5+ 26. Qxg5 fxg5 27.
Ne4 h6 28. b4 Bg2 29. Nc5 g4 30. Rg1 Bh3 31. Ne4 g5 32. b5 Kg7 33. a4 Kg6 34. a5
h5 35. b6 axb6 36. axb6 h4 37. Rb1 Rb7 38. Nc5 Rb8 39. b7 Bg2 40. e4 g3 41. Nd7
Rxb7 42. Rxb7 h3 43. Ne5+ Kf6 44. Ng4+ Kg6 45. Rb6+ Kh5 46. Nf6+ Kh4 47. Rb8 g4
48. Rb5 1-0

[Event "Tata Steel Chess India 2024 - Rapid"]
[Site "Kolkata"]
[Date "15.11.2024"]
[Round "8R"]
[White "Narayanan, S.L."]
[Black "Nihal, Sarin"]
[Result "1/2-1/2"]
[WhiteTitle "GM"]
[BlackTitle "GM"]
[WhiteElo "2647"]
[BlackElo "2676"]
[WhiteFideId "5058422"]
[BlackFideId "25092340"]
[EventDate "2024.11.13"]

1. d4 d5 2. c4 e6 3. Nc3 h6 4. Nf3 Nf6 5. Bf4 Bd6 6. Bxd6 Qxd6 7. e3 O-O 8. Qc2
a6 9. cxd5 exd5 10. Bd3 Nc6 11. a3 Re8 12. O-O Bg4 13. Nd2 Ne7 14. Na4 c6 15.
Nc5 Rab8 16. b4 g6 17. a4 Bf5 18. Rfb1 Bxd3 19. Qxd3 Nf5 20. Nf3 Ng4 21. Qd1 Qe7
22. Ra2 Nd6 23. h3 Nf6 24. Ne5 Kg7 25. Qd3 Ra8 26. Rc2 h5 27. Qe2 Rac8 28. Ra2
Rc7 29. Rc2 Rcc8 30. Ra2 Rc7 1/2-1/2

[Event "Tata Steel Chess India 2024 - Rapid"]
[Site "Kolkata"]
[Date "15.11.2024"]
[Round "8R"]
[White "So, Wesley"]
[Black "Praggnanandhaa, Rameshbabu"]
[Result "1/2-1/2"]
[WhiteTitle "GM"]
[BlackTitle "GM"]
[WhiteElo "2747"]
[BlackElo "2737"]
[WhiteFideId "5202213"]
[BlackFideId "25059530"]
[EventDate "2024.11.13"]

1. e4 c5 2. Nf3 Nc6 3. d4 cxd4 4. Nxd4 Nf6 5. Nc3 e5 6. Ndb5 d6 7. Bg5 a6 8. Na3
b5 9. Nd5 Be7 10. Bxf6 Bxf6 11. c3 Rb8 12. Nc2 Bg5 13. Be2 O-O 14. O-O Be6 15.
Qd3 g6 16. Rfd1 Rb7 17. h3 h5 18. Bf3 Kg7 19. Qe2 a5 20. Na3 Qb8 21. Qd3 b4 22.
Nc4 a4 23. Be2 bxc3 24. bxc3 Ne7 25. Nb4 Rd7 26. Rab1 Qa7 27. Qg3 Bf4 28. Qf3
Rfd8 29. g3 Bh6 30. h4 Qc5 31. Na6 Qa7 32. Nb4 Kg8 33. Rb2 Qc5 34. Na6 Qa7 35.
Nb4 Qc5 36. Na6 Qa7 1/2-1/2

[Event "Tata Steel Chess India 2024 - Rapid"]
[Site "Kolkata"]
[Date "15.11.2024"]
[Round "9R"]
[White "Abdusattorov, Nodirbek"]
[Black "Carlsen, Magnus"]
[Result "1/2-1/2"]
[WhiteTitle "GM"]
[BlackTitle "GM"]
[WhiteElo "2777"]
[BlackElo "2831"]
[WhiteFideId "14204118"]
[BlackFideId "1503014"]
[EventDate "2024.11.13"]

1. c4 e6 2. Nc3 Bb4 3. e4 c5 4. Qg4 g6 5. a3 Bxc3 6. bxc3 Nc6 7. d3 d6 8. Qg3
Qe7 9. f4 f5 10. e5 Nh6 11. Nf3 Nf7 12. Be2 b6 13. O-O Bb7 14. d4 Na5 15. Be3
Rc8 16. Rad1 O-O 17. Nh4 Kh8 18. d5 Rg8 19. Nf3 Ba6 20. Ng5 exd5 21. Rxd5 Bxc4
22. exd6 Qd7 23. Bxc4 Nxc4 24. Rfd1 Rg7 25. Bc1 Re8 26. Qd3 Nxg5 27. Qxc4 Ne4
28. Qd3 c4 29. Qxc4 Rc8 30. Qd4 b5 31. Bb2 Rc4 32. Qe5 a6 33. R1d4 h6 34. Rxc4
bxc4 35. Bc1 Kh7 36. Be3 Rg8 37. h3 Re8 38. Qxe8 Qxe8 39. d7 Qd8 40. Bd4 Qh4 1/2-1/2

[Event "Tata Steel Chess India 2024 - Rapid"]
[Site "Kolkata"]
[Date "15.11.2024"]
[Round "9R"]
[White "Vidit, Santosh Gujrathi"]
[Black "Narayanan, S.L."]
[Result "1-0"]
[WhiteTitle "GM"]
[BlackTitle "GM"]
[WhiteElo "2739"]
[BlackElo "2647"]
[WhiteFideId "5029465"]
[BlackFideId "5058422"]
[EventDate "2024.11.13"]

1. Nf3 Nf6 2. c4 e6 3. b3 d5 4. Bb2 c5 5. cxd5 exd5 6. g3 Nc6 7. Bg2 Be7 8. d4
O-O 9. O-O Ne4 10. dxc5 Bxc5 11. e3 Qe7 12. Nc3 Nxc3 13. Bxc3 Rd8 14. Nd4 Bxd4
15. Bxd4 Bf5 16. Bb2 Qe6 17. Re1 Be4 18. f3 Bg6 19. Qd2 h5 20. Rac1 Rd7 21. b4
a6 22. a4 f6 23. Red1 Rad8 24. Bd4 Ne5 25. Qe2 Nc4 26. Re1 b5 27. axb5 axb5 28.
Ra1 Re8 29. Qa2 Rc7 30. Bf1 Kh7 31. Qf2 Rcc8 32. Ra7 Ra8 33. Rea1 Rxa7 34. Rxa7
Re7 35. Ra1 Qc6 36. h3 Qe8 37. Re1 Re6 38. g4 Ra6 39. Qg3 Ra2 40. g5 fxg5 41.
Qxg5 Qf8 42. Qxd5 Rd2 43. f4 Nxe3 44. Qe5 Nxf1 45. Rxf1 Bf5 46. Rf2 Rd1+ 47. Kh2
Rd3 48. Rg2 Rxh3+ 49. Kg1 Bg4 50. Qe4+ Kh8 51. f5 Rf3 52. f6 gxf6 53. Ra2 Rg3+
54. Kf2 Rf3+ 55. Kg1 Rg3+ 56. Kf2 Rf3+ 57. Kg2 Qg7 1-0